| 000 | 00461nam a2200169 i 4500 | ||
|---|---|---|---|
| 001 | 52149 | ||
| 003 | ES-MaACL | ||
| 005 | 20251014063116.0 | ||
| 007 | t| | ||
| 008 | 030826s1959 xxk ||||1| eng d | ||
| 100 | 1 |
_aChristie, Agatha, _d1890-1976 _938657 |
|
| 245 | 1 | 0 |
_aAfter the funeral / _cAgatha Christie. |
| 260 |
_a[London : _bCollins, _c1959] |
||
| 300 |
_a192 p. ; _c18 cm. |
||
| 852 |
_aES-MaACL _jC-20199 _bR.46222 |
||
| 999 |
_c52149 _d52149 |
||